Practical English phonetics and phonology. A Resource Book for Students.

Salvato in:
Dettagli Bibliografici
Autori principali: Collins, Beverley (Autore), Mees, Inger M. (Autore), Carley, Paul (Autore)
Natura: Sconosciuto
Lingua:inglese
Pubblicazione: London, United Kingdom: Routledge Taylor & Francis Group, 2019.
Edizione:Fourth Edition.
Serie:Routledge English Language Introductions
Soggetti:
Tags: Aggiungi Tag
Nessun Tag, puoi essere il primo ad aggiungerne!!

MARC

LEADER 00000 a2200000 4500
003 CL-VaPUC
005 20250312142218.0
008 220505b2019 ||||| |||| 00| 0 eng d
999 |c 434649  |d 434647 
020 |a 9781138591509 
040 |c Pontificia Universidad Católica de Valparaíso 
082 7 |a 421.5 COL 2019  |2 23 
100 |a Collins, Beverley  |9 867763  |e author 
245 |a Practical English phonetics and phonology.  |b  A Resource Book for Students. 
250 |a Fourth Edition. 
260 |a London, United Kingdom:   |b Routledge Taylor & Francis Group,   |c 2019. 
300 |a xxv, 316 páginas  
490 |a Routledge English Language Introductions 
583 |k Cristina María Rojas Aguilar  |c 20220505 
650 0 |a Lengua inglesa  |x Fonética   |9 318842 
700 |a Mees, Inger M.   |9 867762  |e author 
700 |a Carley, Paul   |9 865275  |e author 
942 |2 ddc  |c BK 
952 |0 0  |1 0  |2 ddc  |4 0  |6 421_500000000000000_COL_2019  |7 0  |8 A  |9 582947  |a BIBEDU  |b BIBEDU  |c GEN  |d 2022-05-05  |e 74  |g 48334.00  |i 5651070  |l 1  |o 421.5 COL 2019  |p 5651070  |r 2024-08-22  |s 2024-08-19  |t 1  |v 47763.00  |w 2022-05-05  |y BK  |k LIT